00446nam a2200133Ia 4500041001200000082001200012100006400024245010500088260006000193300001000253650002100263650001400284650001400298 aEnglish aRP.0313 aPrasad, B. DeviuCentre for Equity and justice for Children 0aAssessment of implementation of PESA in schedule V Areas :bA study of six States / cB. Devi Prasad aNew Delhi :bIndian Council of Social Science Research, a245p. aLocal Government aPanchayat aPESA Act